Przewodniczący klubów i kół w Sejmie - Statystyki

Ogólne statystyki
  • Ten quiz został rozwiązany 28 razy
    18 od ostatniego zresetowania
  • Średni wynik to 6 z 9
Statystyki odpowiedzi
Klub lub Koło Przewodniczący Liczba posłów % Poprawnych
Lewica Anna Maria Żukowska 21
88%
Prawo i Sprawiedliwość Mariusz Błaszczak 188
88%
Razem Marcelina Zawisza 5
75%
Polska 2050 Paweł Śliz 31
75%
Konfederacja Korony Polskiej Włodzimierz Skalik 3
75%
Konfederacja Grzegorz Płaczek 16
63%
Polskie Stronnictwo Ludowe Piotr Zgorzelski 32
63%
Wolni Republikanie Jarosław Sachajko 4
50%
Koalicja Obywatelska Zbigniew Konwiński 156
38%
Nie znaleziono quizów pasujących do podanych kryteriów
Rozkład punktacji
Procent ludzi z każdym wynikiem
Percentyl według liczby udzielonych odpowiedzi
Twoja historia wyników
Nie rozwiązałeś tego quizu od ostatniego zresetowania